| 000 | 01227cas a2200361 i 4500 | ||
|---|---|---|---|
| 999 |
_c8012 _d8012 |
||
| 001 | 991061118959306706 | ||
| 003 | OSt | ||
| 005 | 20250108135457.0 | ||
| 008 | 240411c2024 sp fr|p| ||||0|| b|cat|c | ||
| 015 |
_aSE2024 _2bnc |
||
| 017 |
_aDL L 60-2024 _bBiblioteca de Catalunya |
||
| 022 | _a2938-5954 | ||
| 040 |
_aES-LlUDL _bcat _erda _cCDMR |
||
| 043 |
_ae-sp--- _be-spcl- _2catmarc |
||
| 044 | _cesp | ||
| 080 |
_a008 _x(460.23) _x(05) _22004 |
||
| 080 |
_a94 _x(460.231) _x(05) _22004 |
||
| 245 | 1 | 0 | _aHoritzons |
| 264 | 3 | 0 |
_aLleida : _bPatronat Fundació Privada Horitzons 2050, _c2024- |
| 300 |
_avolums: _bfotografies en color ; _c26 cm |
||
| 310 | _aSemestral | ||
| 362 | 0 | _aPrimavera/estiu 2024- | |
| 515 | _aSense designació numèrica | ||
| 588 | 0 | _aDescripció basada en: Primavera/estiu 2024; títol obtingut de la coberta | |
| 588 | 1 | _aDarrer número consultat: Primavera/estiu 2024 | |
| 650 | 7 |
_aCultura catalana _vRevistes. _2lemac |
|
| 651 | 7 |
_aLleida (Catalunya : Província) _xHistòria local _vRevistes. _2lemac |
|
| 710 | 2 | _aPatronat Fundació Privada Horitzons 2050, | |
| 752 |
_aCatalunya _bLleida (Província) _cSegrià _dLleida |
||
| 908 |
_aUdL _aBC _aANC |
||
| 940 | _aUdL | ||
| 942 |
_2udc _cSER |
||